The top 25 best shooting guards of all time NBA - Statistics

General Stats
  • This quiz has been taken 109 times
  • The average score is 17 of 25
Answer Stats
Team Player % Correct
Bulls Michael Jordan
100%
Lakers Kobe Bryant
98%
Heat Dwayne Wade
97%
Rockets James Harden
92%
76ers Allen Iverson
91%
Warriors Klay Thompson
90%
Pacers Reggie Miller
88%
Lakers Jerry West
83%
Spurs Manu Ginobili
80%
Trailblazers Clyde Drexler
78%
Celtics Ray Allen
77%
Magic Tracy McGrady
77%
Raptors Vince Carter
75%
Spurs George Gervin
66%
Magic Penny Hardaway
66%
Mavericks Luka Doncic
63%
Suns Devin Booker
53%
Pistons Joe Dumars
49%
Celtics John Havlicek
47%
Warriors Chris Mullin
44%
Clippers Paul George
43%
Jazz Pete Maravich
41%
Warriors Rick Barry
38%
Knicks Walt Frazier
38%
Kings Mitch Richmond
27%
No matching quizzes found
Score Distribution
Percent of People with Each Score
Percentile by Number Answered
Your Score History
You have not taken this quiz